MARC

LEADER 00000nam0a2200000 4500
001 261851
005 20231101233611.0
035 |a (RuTPU)RU\TPU\book\284833 
090 |a 261851 
100 |a 20140528d1987 k y0rusy50 ca 
101 0 |a rus 
102 |a RU 
105 |a a z 001zy 
200 1 |a Применение вычислительной техники в физическом эксперименте  |e сборник научных трудов  |f Академия наук СССР (АН СССР), Институт прикладной физики (ИПФ) ; отв. ред. А. Н. Гинзбург 
210 |a Горький  |c Изд-во ИПФ  |d 1987 
215 |a 183 с.  |c ил. 
320 |a Библиография в конце статей 
606 1 |a Физический эксперимент  |x Обработка на вычислительных машинах  |2 stltpush  |3 (RuTPU)RU\TPU\subj\63844  |9 80777 
610 1 |a АСНИ 
610 1 |a алгоритмическое обеспечение 
610 1 |a программное обеспечение 
610 1 |a эксперименты 
610 1 |a автоматизация 
610 1 |a технические средства 
610 1 |a сборники 
675 |a 53.05  |v 3 
702 1 |a Гинзбург  |b А. Н.  |4 340 
712 0 2 |a Академия наук СССР (АН СССР)  |b Институт прикладной физики (ИПФ)  |c (Нижний Новгород)  |2 stltpush  |3 (RuTPU)RU\TPU\col\11346 
801 1 |a RU  |b 63413507  |c 20140528 
801 2 |a RU  |b 63413507  |c 20150206  |g RCR 
942 |c BK